Associe ces artistes féminines francophones à leur nom à l'état civil - Statistiques

Statistiques générales
  • Ce quiz a été pris 35 fois
  • Le résultat moyen est 11 sur 20
Statistiques - réponses
Hint Réponse % Correct
Diam's Mélanie Georgiades
83%
Lorie Laure Pester
79%
Louane Anne Peichert
76%
Hélène Ségara Hélène Rizzo
76%
Zazie Isabelle de Truchis de Varennes
72%
Lio Vanda Maria Ribeiro Furtado Tavares de Vasconcelos
69%
Liane Foly Eliane Falliex
62%
Shy'm Tamara Marthe
62%
France Gall Isabelle Gall
59%
Indila Adila Sedraïa
55%
Zaz Isabelle Geffroy
55%
Vitaa Charlotte Gonin
52%
Dalida Iolanda Cristina Gigliotti
52%
Sheila Anny Chancel
48%
Marie Laforêt Maïtena Douménach
38%
Line Renaud Jacqueline Ente
34%
Maurane Claudine Luypaerts
31%
Clara Morgane Emmanuelle Munos
28%
Barbara Monique Serf
28%
Axelle Red Fabienne Demal
14%
Aucun quiz correspondant
Distribution des résultats
% des personnes avec chaque résultat
Percentile par nombre de réponses
Votre historique - résultats
Vous n’avez pas pris ce quiz